00985nam a22003017a 4500008004100000020001500041040001800056041000800074060001700082245010000099260004900199300001800248490004900266500004800315650001500363650002900378650001700407650002100424650002700445650001700472650002100489650001200510650003100522700003100553700003800584700003200622700002900654130821s1995 sp gr spa  a8487767451 aCo-BoUCMbspa00aspa aWV 270bD31300aDeficiencia auditivabaspectos psicoevolutivos y educativoscSantiago Torres Monreal... (et al) aArchidona (Málaga, España)bAljibec1995 a340 páginas a[Colección Educación para la Diversidad] aIncluye índice, glosario y bibliografía04aAudición04aAudiciónxEnfermedades04aEnfermedades04aFonoaudiología04aOtorrinolaringología04aPsicología04aRehabilitación04aSordera04aTeoría de la educación aGonz lez Cuenca, Antonia M aRodríguez Santos, José Miguel aSantana Hernández, Rafael aTorres Monreal, Santiago